Les prénoms devenus noms communs - Statistiques

Statistiques générales
  • Ce quiz a été pris 345 fois
  • Le résultat moyen est 10 sur 34
Statistiques - réponses
Synonyme du nom commun Prénom % Correct
fleur Rose
76%
caillou Pierre
74%
indulgent Clément
68%
agrume Clémentine
61%
fleur - oeil Iris
61%
récompense cinématographique Oscar
61%
débardeur Marcel
59%
cadet Benjamin
53%
empereur César
48%
fleur Marguerite
45%
voulu Désiré
39%
pierre précieuse Jade
39%
traître Judas
35%
cousin Germain
32%
succès Victoire
31%
citadin Urbain
29%
arbre fruitier Olivier
28%
robe du cheval Isabelle
25%
amoureux - souteneur Jules
20%
vénérable Auguste
16%
autorail Micheline
16%
flatté Honoré
14%
navigateur Marin
13%
sein Robert
13%
plante - passe du torero avec la muleta Véronique
10%
pot de chambre Thomas
8%
pet Louise
6%
fleur Eglantine
5%
religieuse Clarisse
3%
couteau Eustache
2%
mouton - taureau - sot Robin
1%
coiffure en plastique Caroline
0%
querelle - tapage Renaud
0%
chaussure Salomé
0%
Aucun quiz correspondant
Distribution des résultats
% des personnes avec chaque résultat
Percentile par nombre de réponses
Votre historique - résultats
Vous n’avez pas pris ce quiz